Loading...
Science - Other Science | 1 | 3 | 0 | 0 | 45 | 42 | 73.75 | 0 | 2 |
Fine Arts - Visual Fine Arts | 0 | 3 | 0 | 0 | 30 | 104 | 128.67 | 0 | 2 |
Social Science | 0 | 2 | 0 | 2 | 20 | 142 | 146.00 | 0 | 1 |
History - World History | 0 | 1 | 0 | 1 | 10 | 136 | 136.00 | 0 | 0 |
Literature - British Literature | 0 | 1 | 0 | 0 | 10 | 109 | 109.00 | 0 | 0 |
Modern World | 0 | 1 | 0 | 1 | 10 | 143 | 143.00 | 0 | 0 |
History - European History | 0 | 1 | 0 | 1 | 10 | 131 | 131.00 | 0 | 0 |
History - US History | 0 | 1 | 0 | 0 | 10 | 134 | 134.00 | 0 | 0 |
Philosophy | 0 | 1 | 1 | 0 | 5 | 129 | 129.00 | 0 | 0 |
Literature - American Literature | 0 | 0 | 0 | 0 | 0 | 0.00 | 0 | 0 | |
Beliefs | 0 | 0 | 0 | 0 | 0 | 0.00 | 0 | 0 | |
Science - Physics | 0 | 0 | 1 | 0 | -5 | 0.00 | 0 | 0 | |
History - Other History | 0 | 0 | 1 | 0 | -5 | 0.00 | 0 | 0 |